000
00256nam a2200109Ia 4500
008
220622s9999 xx 000 0 und d
020
_a
978-1431410637
082
_a
NDE KF BEST
100
_a
BESTER,MARYANNE
_9
897
245
0
_a
NGIYAKWAZI LOKHO
942
_c
BK
_y
561
_z
John Tresidder
999
_c
95468
_d
95467